Diet Pepsi - Addison Rae - Statistics

General Stats
  • This quiz has been taken 184 times
  • The average score is 299 of 354
Answer Stats
% Correct
I
99%
in
98%
the
98%
you
98%
a
97%
love,
97%
love
97%
(love
97%
My
97%
my
97%
When
97%
me
95%
me)
95%
baby
94%
your
94%
car,
93%
backseat
92%
all
91%
I'm
91%
innocence
91%
Losing
90%
drive
88%
he
88%
(go)
87%
go
87%
Say
86%
say
86%
boys
85%
we
85%
game
81%
winner,
81%
loves
80%
blue
79%
jeans
79%
like
79%
Young
78%
diet
77%
Diet
77%
his
77%
XO
77%
(XO)
77%
good
76%
Pepsi
76%
ass
75%
he's
75%
let's
75%
Let's
75%
looks
75%
way
75%
telling
74%
chain
73%
ripped
73%
lust,
71%
lust
71%
of
69%
on
69%
these
69%
gold
68%
to
68%
(so
67%
so
67%
cross
66%
lips
66%
Untouched,
66%
Untouched
66%
(untouched),
66%
cherries
65%
spring
65%
are
64%
reflect
63%
(ah)
61%
(ah,
61%
ah),
61%
ah
61%
off
61%
sippin'
61%
sweet)
59%
cheeks
58%
red
58%
see
55%
sexy
53%
best
51%
know
51%
parking
51%
Sitting
51%
Break
49%
chest
49%
lap,
49%
rules
49%
up
48%
lot
47%
get
46%
Summer
46%
art
45%
work
45%
caught
43%
windows
43%
'til
42%
lipstick
39%
Fog
37%
leave
37%
you'd
36%
mark
35%
name
35%
with
35%
write
34%
Bodies
31%
backsеat
0%
innocеnce
0%
No matching quizzes found
Score Distribution
Percent of People with Each Score
Percentile by Number Answered
Your Score History
You have not taken this quiz